00557 2200181 4500001002100000005001500021008004100036020001800077035001900095041000700114082001100121090001600132100002200148245013500170260001900305300001700324650003400341INLIS00000000000710820241224113420241224||||||||| | ||| |||| || |  a979-688-815-7 0010-1224007108 aid0 a720.22 a720.22DOY T0 aMICHAEL E . DOYLE00aTeknik Pembuatan Gambar Berwarna: Keterampilan dan Teknik Menggambar desain untuk Arsitek, Arsitek Lansekap, dan Desainer Interior berlanggac2002 a352HML,;21CM 0aKESENIAN HIBURAN DAN OLAHRAGA